|
|
|
|
| LEADER |
00000nab a2200000 ar4500 |
| 001 |
vtls009142523 |
| 003 |
SK-MaSNL |
| 005 |
20260303234535.0 |
| 008 |
070923c2007 xo sr|p|||||||000 b|slo |
| 015 |
|
|
|a SNBRB2007/09
|2 snkbucl
|
| 038 |
|
|
|a SNKBUCL
|
| 040 |
|
|
|a SNKBUCL
|b slo
|c SNKBUCL
|e AACR2
|
| 041 |
0 |
|
|a slo
|
| 044 |
|
|
|a xo
|c SK
|
| 080 |
|
|
|a 342.9
|2 2001
|
| 100 |
1 |
|
|a Štalmašková, Mária
|4 aut
|9 593044
|
| 245 |
1 |
0 |
|a K problematike správneho konania
|c Mária Štalmašková
|
| 650 |
0 |
7 |
|a správne právo
|2 snkbucl
|9 2266
|
| 650 |
0 |
7 |
|a správne konanie
|2 snkbucl
|9 50025
|
| 773 |
0 |
|
|t Verejná správa : školy, úrady, obce, kultúra, zdravotníctvo, rozpočtové, príspevkové, neziskové organizácie
|g Č. 10 (2007), s. 66-68
|x 1337-0448
|
| 852 |
|
|
|a SNK
|b KIS3GCP
|
| 999 |
|
|
|c 2521313
|d 2523243
|